We just averaged over two trillion cross-country growth regressions

Gespeichert in:
Bibliographische Detailangaben
1. Verfasser: Ley, Eduardo
Weitere Verfasser: Steel, Mark F.J
Format: Buch
Sprache:Englisch
Veröffentlicht: Washington International Monetary Fund 1999
Schriftenreihe:IMF Working Paper WP/99/101
Schlagworte:
Tags: Tag hinzufügen
Keine Tags, Fügen Sie das erste Tag hinzu!

MARC

LEADER 00000nam a2200000 4500
001 c123714
005 20221221083923.1
041 0 |a eng 
044 |a US 
245 1 0 |a We just averaged over two trillion cross-country growth regressions  |c Eduardo Ley, Mark F.J. Steel 
264 1 |a Washington  |b International Monetary Fund  |c 1999 
300 |a 20 s. 
490 1 |a IMF Working Paper  |v WP/99/101 
830 0 |a IMF Working Paper  |v WP/99/101 
610 2 0 |a regresia 
610 2 0 |a rast hospodársky 
610 2 0 |a metóda Monte Carlo 
610 2 0 |a modelovanie 
610 2 0 |a modely rastu 
610 2 0 |a modely regresné 
610 2 0 |a Medzinárodný menový fond 
100 1 |a Ley, Eduardo 
700 1 |a Steel, Mark F.J.